000 004420000a22001810004500
003 MACL
005 20151201160706.0
008 151201b xxu||||| |||| 00| 0 eng d
040 _aMACL
_cMACL
041 _aEnglish
082 _a741.642
100 _aRatna, Vandana
_918950
245 _aThe Stupid Lion
_bFavourite Tales
260 _bPenguin Books
_c2004
350 _a65
650 _aChildren's Books
_97484
942 _cBK
_k741.642
_2ddc
999 _c2118
_d2118